Corporation finance : (Record no. 135019)

MARC details
000 -LEADER
fixed length control field 00727nam a22002417a 4500
005 - DATE AND TIME OF LATEST TRANSACTION
control field 20170124110238.0
010 ## - LIBRARY OF CONGRESS CONTROL NUMBER
LC control number B-024084
020 ## - INTERNATIONAL STANDARD BOOK NUMBER
Terms of availability 60.00
035 ## - SYSTEM CONTROL NUMBER
System control number B-024084
037 ## - SOURCE OF ACQUISITION
Source of stock number/acquisition Cen Lib/Ret
040 ## - CATALOGING SOURCE
Original cataloging agency DPL
Language of cataloging EN
082 ## - DEWEY DECIMAL CLASSIFICATION NUMBER
Classification number 658.15
Item number KUC
100 ## - MAIN ENTRY--PERSONAL NAME
Personal name Kuchhal, S.C.
9 (RLIN) 23317
245 ## - TITLE STATEMENT
Title Corporation finance :
Statement of responsibility, etc by S.C. Kuchhal
Remainder of title principles and problems /
250 ## - EDITION STATEMENT
Edition statement 19th ed
260 ## - PUBLICATION, DISTRIBUTION, ETC. (IMPRINT)
Place of publication, distribution, etc Allahabad
Name of publisher, distributor, etc Chaitanya Publishing House
Date of publication, distribution, etc 1989
270 ## - ADDRESS
Address University road
City Allahabad
300 ## - PHYSICAL DESCRIPTION
Extent viii, 502p.
Dimensions 21cm.
Other physical details
500 ## - GENERAL NOTE
General note Includes bibliographical references
650 ## - SUBJECT ADDED ENTRY--TOPICAL TERM
Topical term or geographic name as entry element Financial management
9 (RLIN) 106015
650 ## - SUBJECT ADDED ENTRY--TOPICAL TERM
Topical term or geographic name as entry element Financial analysis
9 (RLIN) 26245
942 ## - ADDED ENTRY ELEMENTS (KOHA)
Source of classification or shelving scheme Dewey Decimal Classification
Koha item type English Books
Classification part 658.15
Call number suffix KUC
Holdings
Withdrawn status Lost status Damaged status Not for loan Home library Current library Date acquired Source of acquisition Cost, normal purchase price Total Checkouts Full call number Barcode Date last seen Copy number Cost, replacement price Price effective from Koha item type Public note Source of classification or shelving scheme
Written off       Central Library Central Library 29/09/2015 Cen Lib/Ret 60.00   658.15 KUC B-024084 29/09/2015 1 60.00 29/09/2015 English Books W/d List No. 6881/20 ; dtd 01/09/2020  
Written off       Central Library Central Library 01/11/2016   60.00   658.15 KUC A-372187 01/11/2016 2 60.00 01/11/2016 English Books W/d List No.-3301/8 Dewey Decimal Classification

© Delhi Public Library
Hit Counter
free hit counter